Panstwa Faszystkowskie - Statystyki

Ogólne statystyki
  • Ten quiz został rozwiązany 139 razy
  • Średni wynik to 5 z 17
Statystyki odpowiedzi
Odpowiedź lata istnienia % Poprawnych
Krolestwo Wloch 1922–1943
99%
Włoska Republika Socjalna 1943–1945
98%
III Rzesza 1933–1945
56%
Państwo Hiszpańskie 1939–1975
56%
Pierwsza Republika Słowacka 1939–1945
41%
Federalne Państwo Austriackie 1934–1938
39%
Państwo Francuskie/Francja Vichy 1940–1944
21%
Protektorat Czech i Moraw 1939–1945
21%
Królestwo Albanii 1939–1943/1945
20%
Niepodległe Państwo Chorwackie 1941–1945
6%
Wolne Miasto Gdańsk 1934–1939
6%
Królestwo Rumunii 1940-1944
4%
Republika Łokocka 1941–1943
3%
Serbia Nedicia 1941–1944
3%
Państwo Greckie 1941–1944
2%
Państwo Węgierskie 1944–1945
2%
Niezależne Państwo Czarnogórskie 1941–1944
0%
Nie znaleziono quizów pasujących do podanych kryteriów
Rozkład punktacji
Procent ludzi z każdym wynikiem
Percentyl według liczby udzielonych odpowiedzi
Twoja historia wyników
Nie rozwiązałeś tego quizu